<?xml version="1.0" encoding="UTF-8"?>
<marc:record xmlns:marc="http://www.loc.gov/MARC21/slim">
   <marc:leader>00000nam a2200000 a 4500</marc:leader>
   <marc:datafield ind1="1" ind2=" " tag="100">
      <marc:subfield code="a">Safier, David</marc:subfield>
      <marc:subfield code="4">aut</marc:subfield>
      <marc:subfield code="e">Verfasser/-in</marc:subfield>
   </marc:datafield>
   <marc:datafield ind1="0" ind2="0" tag="245">
      <marc:subfield code="a">Mieses Karma hoch zwei</marc:subfield>
   </marc:datafield>
   <marc:datafield ind1="0" ind2="0" tag="245">
      <marc:subfield code="b">Roman</marc:subfield>
   </marc:datafield>
   <marc:datafield ind1=" " ind2="1" tag="264">
      <marc:subfield code="b">Kindler</marc:subfield>
      <marc:subfield code="c">2015</marc:subfield>
   </marc:datafield>
   <marc:datafield ind1="1" ind2=" " tag="520">
      <marc:subfield code="a">Die Gelegenheitsschauspielerin Daisy Becker trinkt, raucht und bestiehlt auch schon mal ihre WG-Genossen. Mit Mitte zwanzig hat sie noch immer keine Ahnung, was sie mit ihrem Leben eigentlich anfangen will. Noch viel weniger weiß sie, was das Wort "Liebe" eigentlich bedeutet. Und sie wird es in diesem Leben auch nicht mehr erfahren, gerät sie doch in einen tödlichen Autounfall mit dem arroganten Hollywoodstar Marc Barton. Daisy und Marc werden als Ameisen wiedergeboren und erfahren von Buddha, dass sie in ihrem Leben zu viel mieses Karma angesammelt haben. Allerdings haben die beiden nur wenig Lust, fortan als Ameisensoldaten in den Krieg zu ziehen. Außerdem wollen sie um jeden Preis verhindern, dass Daisys bester Freund, von dem sie erst jetzt erkennt, was sie für ihn empfindet, und Marcs Ehefrau ein Paar werden. Was also tun? Gutes Karma sammeln, um die Reinkarnationsleiter über die Stufen Goldfisch-Storch-Schnecke hochzuklettern und wieder zu Menschen zu werden! Doch das ist nicht so einfach, wenn man sich nicht ausstehen kann und sich gegenseitig die Schuld an dem Unfalltod gibt. Und noch viel schwerer wird es, wenn man sich trotz allem ineinander verliebt.</marc:subfield>
   </marc:datafield>
   <marc:datafield ind1="3" ind2=" " tag="024">
      <marc:subfield code="a">9783463406237</marc:subfield>
   </marc:datafield>
</marc:record>
